00514nam a2200193 a 4500001001300000003000900013005001700022008004100039020001000080082001600090100001500106245006400121260004400185300001000229500003500239505000900274650002200283700001500305nice12345678IN_TiNIC20260116011349.0050524s1958 luca grp 000 0 eng  ac10000a220.03bSIN aSingh, M C aKaleedul Kitab ( A Concordance to the Old and New Testament aLucknowbLucknow Publishing Housec1958 a1331p aincludes index and biblioraphy2 abibl aBible-Concordance1 aSingh, M C